| 000 | 00948nam a2200289 i 4500 | ||
|---|---|---|---|
| 001 | 000011752 | ||
| 003 | DO-SdBNP | ||
| 005 | 20240530073912.0 | ||
| 007 | ta | ||
| 008 | 091027s2001 dr 000 f spa d | ||
| 020 | _a9993401994 | ||
| 040 |
_aDO-SdBNP _bspa _cBNPHU _erda |
||
| 082 | 4 |
_aRD863.44 _bA658e _222 |
|
| 100 | 1 |
_aAracena Disla, Mercedes, _924316 _eautora |
|
| 245 | 1 | 0 |
_aEugenia : _bcamino y magia para alcanzar los sueños / _cMercedes Aracena D. ; prefacio, Olivo de León Sandoval. |
| 264 |
_aSanto Domingo : _bTiempo, _c2001. |
||
| 300 |
_a203 páginas ; _c21 cm. |
||
| 336 |
_2rdacontent _atexto _btxt |
||
| 337 |
_2rdamedia _asin mediación _bnc |
||
| 338 |
_2rdacarrier _avolumen _bn |
||
| 590 | _aInventariado, 2020/BT | ||
| 650 | 0 |
_aNovela dominicana _9223 |
|
| 650 | 0 |
_aLiteratura dominicana. _967 |
|
| 700 | 1 |
_aSandoval, Olivo de León, _eprefacio _927812 |
|
| 910 | _aValidado. Control de calidad MFF | ||
| 942 |
_2ddc _cLBS1 |
||
| 999 |
_c11427 _d11427 |
||